Becoming influential : (Record no. 7970)
[ view plain ]
| 000 -LEADER | |
|---|---|
| fixed length control field | 00915cam a22002894a 4500 |
| 001 - CONTROL NUMBER | |
| control field | 13044382 |
| 005 - DATE AND TIME OF LATEST TRANSACTION | |
| control field | 20251103113230.0 |
| 008 - FIXED-LENGTH DATA ELEMENTS--GENERAL INFORMATION | |
| fixed length control field | 021224s2004 njua b 001 0 eng |
| 020 ## - INTERNATIONAL STANDARD BOOK NUMBER | |
| International Standard Book Number | 0130485195 |
| 020 ## - INTERNATIONAL STANDARD BOOK NUMBER | |
| International Standard Book Number | 9780130485199 |
| 050 00 - LIBRARY OF CONGRESS CALL NUMBER | |
| Classification number | RT86 |
| Item number | .S85 2004 |
| 082 00 - DEWEY DECIMAL CLASSIFICATION NUMBER | |
| Classification number | 610.73/06/99 |
| Edition information | 21 |
| 100 1# - MAIN ENTRY--PERSONAL NAME | |
| Personal name | Sullivan, Eleanor J., |
| Dates associated with a name | 1938- |
| 245 10 - TITLE STATEMENT | |
| Title | Becoming influential : |
| Remainder of title | a guide for nurses / |
| Statement of responsibility, etc. | Eleanor J. Sullivan. |
| 260 ## - PUBLICATION, DISTRIBUTION, ETC. | |
| Place of publication, distribution, etc. | Upper Saddle River, N.J. : |
| Name of publisher, distributor, etc. | Pearson Prentice Hall, |
| Date of publication, distribution, etc. | c2004. |
| 300 ## - PHYSICAL DESCRIPTION | |
| Extent | xiii, 175 p. : |
| Other physical details | ill. ; |
| Dimensions | 23 cm. |
| 650 #0 - SUBJECT ADDED ENTRY--TOPICAL TERM | |
| Topical term or geographic name entry element | Nursing |
| General subdivision | Psychological aspects. |
| 650 #0 - SUBJECT ADDED ENTRY--TOPICAL TERM | |
| Topical term or geographic name entry element | Influence (Psychology) |
| 650 #0 - SUBJECT ADDED ENTRY--TOPICAL TERM | |
| Topical term or geographic name entry element | Nursing |
| General subdivision | Practice. |
| 650 #0 - SUBJECT ADDED ENTRY--TOPICAL TERM | |
| Topical term or geographic name entry element | Communication in nursing. |
| 650 12 - SUBJECT ADDED ENTRY--TOPICAL TERM | |
| Topical term or geographic name entry element | Nursing |
| General subdivision | organization & administration. |
| 650 22 - SUBJECT ADDED ENTRY--TOPICAL TERM | |
| Topical term or geographic name entry element | Career Mobility. |
| 650 22 - SUBJECT ADDED ENTRY--TOPICAL TERM | |
| Topical term or geographic name entry element | Communication. |
| 650 22 - SUBJECT ADDED ENTRY--TOPICAL TERM | |
| Topical term or geographic name entry element | Interpersonal Relations. |
| 650 22 - SUBJECT ADDED ENTRY--TOPICAL TERM | |
| Topical term or geographic name entry element | Power (Psychology) |
| 942 ## - ADDED ENTRY ELEMENTS (KOHA) | |
| Source of classification or shelving scheme | Library of Congress Classification |
| Koha item type | Books |
| Suppress in OPAC | No |
| 999 ## - | |
| -- | 7970 |
| -- | 7970 |
| Withdrawn status | Lost status | Source of classification or shelving scheme | Damaged status | Not for loan | Collection | Home library | Current library | Shelving location | Date acquired | Total checkouts | Full call number | Barcode | Date last seen | Copy number | Price effective from | Koha item type |
|---|---|---|---|---|---|---|---|---|---|---|---|---|---|---|---|---|
| Library of Congress Classification | Non-fiction | Science Library (Miotso) | Science Library (Miotso) | General stacks | 11/03/2025 | RT86 .S85 SUL | SLM00005077 | 11/03/2025 | 1 | 11/03/2025 | Books | |||||
| Library of Congress Classification | Non-fiction | Science Library (Miotso) | Science Library (Miotso) | General stacks | 11/03/2025 | RT86 .S85 SUL | SLM00005078 | 11/03/2025 | 2 | 11/03/2025 | Books | |||||
| Library of Congress Classification | Non-fiction | Science Library (Miotso) | Science Library (Miotso) | General stacks | 11/03/2025 | RT86 .S85 SUL | SLM00005079 | 11/03/2025 | 3 | 11/03/2025 | Books | |||||
| Library of Congress Classification | Non-fiction | Science Library (Miotso) | Science Library (Miotso) | General stacks | 11/03/2025 | RT86 .S85 SUL | SLM00005080 | 11/03/2025 | 4 | 11/03/2025 | Books | |||||
| Library of Congress Classification | Non-fiction | Science Library (Miotso) | Science Library (Miotso) | General stacks | 11/03/2025 | RT86 .S85 SUL | SLM00005081 | 11/03/2025 | 5 | 11/03/2025 | Books |